Cailou and Gilbert / (Record no. 7582)

MARC details
000 -LEADER
fixed length control field 01238nam a22003017a 4500
001 - CONTROL NUMBER
control field 7582
003 - CONTROL NUMBER IDENTIFIER
control field FISKH
005 - DATE AND TIME OF LATEST TRANSACTION
control field 20250724145533.0
008 - FIXED-LENGTH DATA ELEMENTS--GENERAL INFORMATION
fixed length control field 250724b cb ||||| |||| 00| 0 eng d
020 ## - INTERNATIONAL STANDARD BOOK NUMBER
International Standard Book Number 9782894501115
040 ## - CATALOGING SOURCE
Original cataloging agency FISKH
Language of cataloging eng
Transcribing agency FISKH
Modifying agency FISKH
050 ## - LIBRARY OF CONGRESS CALL NUMBER
Classification number PZ10.S197 C34413
082 ## - DEWEY DECIMAL CLASSIFICATION NUMBER
Classification number 636.8
100 ## - MAIN ENTRY--PERSONAL NAME
Personal name Sanschagrin, Joceline
245 ## - TITLE STATEMENT
Title Cailou and Gilbert /
Statement of responsibility, etc. Adapted from the animated series: Joceline Sanschagrin ; Illustrations : Cinar Animation
250 ## - EDITION STATEMENT
Edition statement This edition first published in 1997
260 ## - PUBLICATION, DISTRIBUTION, ETC.
Place of publication, distribution, etc. Canada :
Name of publisher, distributor, etc. Chouette,
Date of publication, distribution, etc. 1997
300 ## - PHYSICAL DESCRIPTION
Extent 22 unnumbered pages :
Other physical details color illustrations ;
Dimensions 21 cm
505 ## - FORMATTED CONTENTS NOTE
Formatted contents note G<br/>
520 ## - SUMMARY, ETC.
Summary, etc. Caillou has nobody to play with, so he recruits Gilbert his cat. He tries to get Gilbert to play his favourite games, but Gilbert isn't interested in the slightest. When Mom points out that Caillou's been trying to get the cat to play people games, he realizes that Gilbert probably wants to play kitty cat games. That works much better!<br/>
521 8# - TARGET AUDIENCE NOTE
Target audience note 300 estimate<br/>
Source Lexile<br/>
521 8# - TARGET AUDIENCE NOTE
Target audience note G<br/>
Source Raz-Plus<br/>
650 ## - SUBJECT ADDED ENTRY--TOPICAL TERM
Source of heading or term Children
Topical term or geographic name entry element Children's books
650 ## - SUBJECT ADDED ENTRY--TOPICAL TERM
Source of heading or term Pets
Topical term or geographic name entry element Play
700 ## - ADDED ENTRY--PERSONAL NAME
Personal name Animation, Cinar
Dates associated with a name illustrator
942 ## - ADDED ENTRY ELEMENTS (KOHA)
Source of classification or shelving scheme Dewey Decimal Classification
Koha item type Books
Suppress in OPAC No
Holdings
Withdrawn status Lost status Source of classification or shelving scheme Damaged status Not for loan Collection Home library Current library Shelving location Date acquired Total Checkouts Full call number Barcode Date last seen Copy number Price effective from Koha item type
    Dewey Decimal Classification     Juvenile Fiction Footprints International School Library Network Toul Tom Poung Campus Footprints International School Library Network Toul Tom Poung Campus TTP Primary Green Bookshelves 07/24/2025   SAN 636.8 PZ10.S197 C34413 2025-2818 07/24/2025 1 07/24/2025 Books